000 00374nam a22001217a 4500
999 _c3035
_d3035
005 20200928092919.0
008 200928b ||||| |||| 00| 0 eng d
020 _a0713616806
040 _cCML
245 _aBlack's Children's Encyclopaedia.
_cWorthy, W.
260 _aLondon
_bAdam & Charles Black Ltd
_c1976
942 _2ddc
_cBK
_e4th Edition
_h080.9
_kREF
_mWOR